000 00433nam a22001817a 4500
003 OSt
005 20240624161010.0
008 240624b |||||||| |||| 00| 0 eng d
020 _a0851996795
040 _cMUST
082 _a572.8 MOL 2003
100 _4Zempleni, J
245 _aMolecular Nutrition
300 _axii, 409p.
_b: ill
_c; 24 cm
504 _aincludes index
650 _2molecular nutrition
942 _2ddc
_cO_SHELF
999 _c8765
_d8765